| 000 | 02205cam a2200409 a 4500 | ||
|---|---|---|---|
| 001 | 7919962 | ||
| 003 | OSt | ||
| 005 | 20150408113915.0 | ||
| 006 | m d | ||
| 007 | cr n | ||
| 008 | 110828s2009 gw a f b 10| 0 eng d | ||
| 020 | _a9783642003981 (pbk.) | ||
| 020 | _a3642003982 | ||
| 035 | _a(WaSeSS)ssj0000319170 | ||
| 040 |
_aBTCTA _cدار اجنادين _dOHX _dZCU _dYDXCP _dDLC _dWaSeSS |
||
| 082 |
_221 _a006.3 _bN E W |
||
| 210 | 1 | 0 | _aNew frontiers in applied data mining |
| 245 | 0 | 0 |
_aNew frontiers in applied data mining / _bPAKDD 2008 International Workshops, Osaka, Japan, May 20-23, 2008 : revised selected papers / _cSanjay Chawla ... [et al.], eds. |
| 260 |
_aBerlin : _bSpringer, _cc2009. |
||
| 300 |
_axiv, 212 p. : _bill. ; _c24 cm. |
||
| 490 | 1 |
_aLecture notes in computer science, _x0302-9743 ; _v5433. _aLecture notes in artificial intelligence |
|
| 490 | 1 | _aLNCS sublibrary. SL 7, Artificial intelligence | |
| 500 | _aPapers from three workshops held in conjunction with the 12th Pacific-Asia Conference on Knowledge Discovery and Data Mining: International Workshop on Algorithms for Large-Scale Information Processing in Knowledge Discovery (ALSIP 2008); Workshop on Data Mining for Decision Making and Risk Management; International Workshop on Interactive Data Mining (IDM08). | ||
| 504 | _aIncludes bibliographical references and index. | ||
| 506 | _aLicense restrictions may limit access. | ||
| 650 | 0 |
_aData mining _vCongresses. _93423 |
|
| 650 | 0 |
_aKnowledge management _vCongresses. _93566 |
|
| 700 | 1 |
_aChawla, Sanjay. _93567 |
|
| 711 | 2 |
_aPacific-Asia Conference on Knowledge Discovery and Data Mining _n(12th : _d2008 : _cOsaka, Japan) _93568 |
|
| 773 | 0 | _tSpringerLink ebooks - Computer Science (2009) | |
| 830 | 0 |
_aLecture notes in computer science ; _v5433 _93569 |
|
| 830 | 0 |
_aLecture notes in computer science. _pLecture notes in artificial intelligence. |
|
| 830 | 0 |
_aLNCS sublibrary. _nSL 7, _pArtificial intelligence. _93455 |
|
| 856 | 4 | 0 |
_uhttp://www.columbia.edu/cgi-bin/cul/resolve?clio7919962 _zFull text available from SpringerLink ebooks - Computer Science (2009) |
| 910 | _aLibrary of Congress record | ||
| 942 |
_2ddc _cDVD |
||
| 999 |
_c13966 _d248466 |
||